000
00298nam a2200157Ia 4500
100
_a
Perry/ Doughlas
250
_a
3
942
_c
BK
654
_a
VHDL
245
_a
VHDL
260
_b
Tata Mc Graw hill
_c
1998
082
_a
621.392
_b
PER
300
_a
493
546
_a
ENGLISH
999
_c
28469
_d
28469